000 00264nam a2200109Ia 4500
008 220120s9999||||xx |||||||||||||| ||und||
020 _a60533005
100 _aGodse, A.P
_91195
245 0 _aDigital integrated circuit design
260 _b2003
300 _a231p.
_b0
999 _c136557
_d136557